Orion : (Record no. 142134)

MARC details
000 -LEADER
fixed length control field 00562nam a22001937a 4500
005 - DATE AND TIME OF LATEST TRANSACTION
control field 20170629112220.0
010 ## - LCCN (DPL NO)
LC control number ENG-119027
020 ## - INTERNATIONAL STANDARD BOOK NUMBER
International Standard Book Number 9789383838752
Terms of availability 695.00
035 ## - SYSTEM CONTROL NUMBER
System control number EN-102559
037 ## - SOURCE OF ACQUISITION
Source of stock number/acquisition DBAD/PUB
082 ## - DEWEY DECIMAL CLASSIFICATION NUMBER
Classification number 523.1
100 ## - MAIN ENTRY--PERSONAL NAME
Personal name Bal Gangadhar Tilak
245 ## - TITLE STATEMENT
Title Orion :
Statement of responsibility, etc by Bal Gangadhar Tilak
Remainder of title or antiquity of the Vedas /
260 ## - PUBLICATION, DISTRIBUTION, ETC. (IMPRINT)
Place of publication, distribution, etc Delhi
Name of publisher, distributor, etc Shivalik Prakashan
Date of publication, distribution, etc 2014
270 ## - ADDRESS
Address 27/16, Shakti Nagar
City Delhi
Postal code 110007
300 ## - PHYSICAL DESCRIPTION
Extent vi,208p.
Dimensions 22cm(Hb)
500 ## - GENERAL NOTE
General note Includes index
942 ## - ADDED ENTRY ELEMENTS (KOHA)
Source of classification or shelving scheme Dewey Decimal Classification
Item type English Books
Classification part 523.1
Call number suffix BAL
Holdings
Withdrawn status Lost status Not for loan Collection code Home library Current library Date acquired Source of acquisition Cost, normal purchase price Full call number Barcode Copy number Cost, replacement price Koha item type
      Non-fiction Shahdara Branch Shahdara Branch 29/06/2017 DBAD/PUB 695.00 523.1 BAL EN-102559 1 695.00 English Books

© Delhi Public Library
Hit Counter
free hit counter